000
00324nam a2200157Ia 4500
100
_a
Mehta/V.K/ mehta/ Rohit
650
_a
Electrical
942
_c
BK
366
_f
20
245
_a
Basic Electrical Engineering
260
_b
S.Chand & Co.
_c
2012
082
_b
MEH
300
_a
989
546
_a
ENGLISH
999
_c
25707
_d
25707